Quizzes
Events
Quiz Creation
Community
Videos
Private Events
Remove Ads
Sign In
Join for FREE
Feedback
Dark Mode
Quiz Categories
Sports
Geography
Music
Movies
Television
Just For Fun
Miscellaneous
History
Literature
Language
Science
Gaming
Entertainment
Religion
Holiday
For Kids
Quiz Lab
Recent
Popular Today
Quiz Kudos Today
Editor Picks
Curator Picks
Quizzes by...
Day
Popularity
Type
Ratings
Length
Year
Community
Subscriptions
Recent Discussions
Orange Saloon
Badges
Playlists
Quests
Create
Leaderboards
Showdown
Live 5
Trivia Bingo
Activity
Puzzle Library
Sporcle Events
Private Events
Virtual Trivia
Globe League
Become a Host
Pub Owners
SporcleCon
Opinionation
Our Games
Videos
Blog
Mobile Apps
Partnerships
Remove Ads and Go Orange
Feedback
Music
Pop Music
The Beatles
Song
Album
Lyrics
Bands
Singers
Artist
Clip
Rock
Rap
Classical
Billboard
Country Music
Kpop
Taylor Swift
Music
Pop Music
The Beatles
Song
Album
Lyrics
Bands
Singers
Artist
Clip
Rock
Rap
Classical
Billboard
Country Music
Kpop
Taylor Swift
Random Quiz
Search Sporcle
×
Quiz Lab
Quiz Lab
Music
Song
Type in answers that appear in a list
Type in answers that appear in a list
Classic
Best Score? Go Orange.
Guess 40 Kpop songs (using audio) Stats
Can you name the 40 Kpop songs (using audio)?
By
philsterrik
8m
40 Questions
2,315 Plays
2,315 Plays
2,315 Plays
Comments
Comments
Give Quiz Kudos
Give Quiz Kudos
-
- Ratings
hide this ad
More Info
Replay
Link that replays current quiz
Next Quiz
Link to next quiz in quiz playlist
You Got
0%
They Got
Avg Score
38%
Avg Friend Score
Upgrade to see
Score Distribution
Jump to the score distribution portion of the page
Score
0/40
Timer
08:00
0
Plays Today
Time
Song
% Correct
0:00 -
0:04
A
89.2%
1:04 -
1:10
Goodbye Baby
85.2%
0:16 -
0:21
Clap Your Hands
78.5%
3:20 -
3:24
Trouble Maker
70.5%
2:16 -
2:21
What Is Love
69%
3:31 -
3:36
Can't Nobody
68%
0:05 -
0:10
Boom Boom
67.9%
3:09 -
3:14
So Cool
65.7%
0:54 -
0:58
Yayaya
61%
0:44 -
0:48
Shanghai Romance
60.4%
0:33 -
0:37
Roly Poly in Copacabana
60.1%
1:38 -
1:42
Opera
60%
2:32 -
2:36
Because of You
55.5%
2:42 -
2:47
Diva
55.1%
1:27 -
1:31
Paradise
53.1%
2:37 -
2:41
A-Yo
52.1%
2:22 -
2:26
Echo
47.5%
3:04 -
3:08
Madonna
44.1%
1:59 -
2:04
Light It Up
43.6%
0:38 -
0:43
Scribble
42.7%
Time
Song
% Correct
1:43 -
1:48
Miss You
38.5%
2:58 -
3:03
Ma Boo
34.3%
2:10 -
2:15
Wonder Boy
32.9%
2:27 -
2:31
I Can't
31.7%
0:59 -
1:03
I Knew It
23.8%
3:15 -
3:19
Too Late
21.8%
1:11 -
1:16
Forever With You
20.9%
0:49 -
0:53
V.I.U (Very Important U)
19.7%
3:25 -
3:30
Where U At
16.7%
1:32 -
1:37
One Love
12.7%
2:05 -
2:09
The Great Escape
11.4%
1:49 -
1:53
Magic
9.6%
1:54 -
1:58
Thank You
7.7%
0:22 -
0:26
Crazy Love
7.7%
0:11 -
0:15
Everything
6%
2:53 -
2:57
Lip Stains
5.4%
2:48 -
2:52
Flower Lady
3.6%
0:27 -
0:32
Alone In The Room
3.2%
1:22 -
1:26
O-IWI-O
2.8%
1:17 -
1:21
New World
1.9%
Quiz Playlist
Details
Report
Send in Message
Add To Playlist
More Info:
Try and guess the song while listening to the audio at a certain time
Classic:
Type in answers that appear in a list
Last Updated: Feb 16, 2017
Quiz Scoreboard
CHALLENGE
Sign Up to Join the Scoreboard
Show All
Scores
Hide
Comments
May contain spoilers
Recently Published
Alphabetical 'K' Countries by Flag Minefield
by ylime102
Geography
3m
Pick 6: Fruits
by JohnFran
Miscellaneous
15s
Click the 1999 NBA Draft
by nibperrychub
Sports
2m
More to Explore
Quiz From the Vault
Featured Blog Post
15 Basketball Trivia Facts You Can Be March Mad About
hide this ad
You Might Also Like...
Tags
Kpop Quiz
Song Quiz
Audio Quiz
Today's Top Quizzes in Music
Browse Music
hide this ad
Today's Top Quizzes in Song
Browse Song
Top Contributed Quizzes in Music
1
Taylor Swift All Songs (2024)
2
KPOP LOGIC QUIZ
3
A Taylor Swift Logic Puzzle
4
Guess the Taylor Swift song (Mystery Song)
5
K-Pop Murder Mystery Logic Quiz
6
Taylor Swift Logic Puzzle
7
Guess The Taylor Swift Lyrics Song #1
8
kpop group name match up
9
NCT 2020 Logic Puzzle
10
K-Pop : 100 Debut Songs (Part 1 of 3)
Explore More
Trending Topics
NBA
Crossword
Harry Potter
Marvel
Kpop
Disney
Anime
Soccer
Song
The Office
Country
NFL
Puzzle
WWE
Pokémon
hide this ad
More By:
philsterrik
Quiz
Plays
Rating
Category
Featured
Created
Guess 50 Kpop songs (using audio)
2,698
3.00
Music
Feb 12, 2012
Guess 40 Kpop songs (using audio)
2,315
1.83
Music
Feb 11, 2012
Guess the 45 Kpop Songs (using audio)
1,836
3.43
Music
Dec 3, 2012
Guess 40 Kpop songs 2 (using audio)
1,558
1.80
Music
Mar 25, 2012
Guess 30 K-pop songs by chorus (using audio)
1,497
3.29
Music
May 7, 2013
Go to Creator's Profile
Score Distribution
Quiz Creator Spotlight
philsterrik
Follow
Send a Message
Quizzes Created
-
Created Quiz Play Count
-
More By This Creator
Popular Quizzes Today
1
Countries of Asia Without Outlines Minefield
2
Find the US States - No Outlines Minefield
3
Pick 6: Fruits
4
Alphabetical 'K' Countries by Flag Minefield
5
The Countries of the World
6
Find the US States
7
US States
8
Match the Book to the Film X
More Music Quizzes
70's Classic Rock Songs Slot Machine
Quiz Lab
Trending Quizzes
Pick 6: Mountains
Pick 6: Harry Potter
Pick 6: NFL Teams
Pick 6: Movie Franchises
Pick 6: Golfers
Recently Updated
NWSL Teams
pecheneg
Women's Final Four Teams by Year
bhenderson79
Presidents Quartet II
eogle
Anything But Clue(do)
eogle
Anything But Oceanian Capitals
eogle
Anything But 7
eogle
Anything But Thing
eogle
Word Ladder: February 29
pecheneg
Song Title Questions
pecheneg
Women's NCAA Tournament #1 Seeds
pecheneg
Trending Topics
Disney
NBA
Crossword
Anime
Marvel
Harry Potter
Kpop
Soccer
Puzzle
NFL
Country
Song
WWE
Pokémon
The Office
Your Account Isn't Verified!
In order to create a playlist on Sporcle, you need to verify the email address you used during registration. Go to your
Sporcle Settings
to finish the process.
Report this User
Report this user for behavior that violates our
Community Guidelines
.
Details:
Send Report
Go to the Sporcle.com Mobile Site →
Comments